Transakčné náklady dodania a ich vplyv na konkurencieschopnosť exportu SR a EÚ

Konkurencieschopnosť importno-exportných operácií. Definícia a charakteristika transakčných nákladov. Analýza vplyvu transakčných nákladov dodania na exportnú cenu. Pôvod transakčných nákladov. Regresná a korelačná analýza vplyvu transakčných nákladov dodania na konkurencieschopnosť exportu.

Gespeichert in:
Bibliographische Detailangaben
1. Verfasser: Minárik, Marek
Format: Buchkapitel
Sprache:Slowakisch
Schlagworte:
Tags: Tag hinzufügen
Keine Tags, Fügen Sie das erste Tag hinzu!

MARC

LEADER 00000naa$a2200000$$$4500
001 0251363
005 20240502074031.0
041 0 |a slo 
044 |a SK 
245 1 0 |a Transakčné náklady dodania a ich vplyv na konkurencieschopnosť exportu SR a EÚ  |c Marek Minárik 
520 |a Konkurencieschopnosť importno-exportných operácií. Definícia a charakteristika transakčných nákladov. Analýza vplyvu transakčných nákladov dodania na exportnú cenu. Pôvod transakčných nákladov. Regresná a korelačná analýza vplyvu transakčných nákladov dodania na konkurencieschopnosť exportu. 
610 2 0 |a náklady transakčné 
610 2 0 |a obchod zahraničný 
610 2 0 |a vývoz 
610 2 0 |a dovoz 
610 2 0 |a konkurencieschopnosť 
610 2 0 |a analýza regresná 
610 2 0 |a analýza korelačná 
100 1 |a Minárik, Marek